• 首页
  • 本馆介绍
  • 公告通知
  • 最新文献
  • 馆藏检索
  • 电子资源
  • 读者导购
  • 参考咨询
  • 我的图书馆
  • 登录
  • 详细信息显示
  • 放入我的书架
  • 预约/预借图书
  • 作者相关作品
  • 分类相关作品
  • 丛书相关作品
  • 出版社相关作品

书目信息

  • 表格格式
  • 工作单格式
  • 卡片格式
题名:
常用中药饮片炮制规范及操作规程研究
    
 
作者: 于江泳 , 陆兔林 主编
分册:  
出版信息: 北京   中国医药科技出版社  2019
页数: 1011页
开本: 28cm
丛书名: 中国中药资源大典
单 册:
中图分类: R283.64-65
科图分类:
主题词: 饮片--中药炮制学--规范--研究--中国
电子资源:
ISBN: 978-7-5214-0739-6
000 01131oam2 2200265 45
001 012001003584
005 20140102141145.0
010    @a978-7-5214-0739-6@dCNY299.00
100    @a20190124d2019 em y0chiy0110 ea
101 0  @achi
102    @aCN@b110000
105    @ay z 000yy
106    @ar
200 1  @a常用中药饮片炮制规范及操作规程研究@9chang yong zhong yao yin pian pao zhi gui fan ji cao zuo gui cheng yan jiu@f于江泳,陆兔林主编
210    @a北京@c中国医药科技出版社@d2019
215    @a1011页@d28cm
225 2  @a中国中药资源大典
330    @a本书为国家出版基金项目:中国中药资源大典——中药材系列中重要的子项目,从中药产业链的炮制环节出发,根据《中华人民共和国药品管理法》的有关规定,组织科研力量对临床常用中药饮片,参照《中国药典》及全国各省市中药饮片炮制规范,编写而成,对于加强中药饮片质量的控制,提高和完善中药饮片标准具有重大的意义。
461  0 @12001 @a中国中药资源大典
606 0  @a饮片@x中药炮制学@x规范@x研究@y中国
690    @aR283.64-65@v5
701  0 @a于江泳@9yu jiang yong@4主编
701  0 @a陆兔林@9lu tu lin@4主编
801  0 @aCN@b北京卓展@c20191020
905    @b1212191-2@dR283.64-65@e525@f2
    
    常用中药饮片炮制规范及操作规程研究/于江泳,陆兔林主编.-北京:中国医药科技出版社,2019
    1011页;28cm.-(中国中药资源大典)
    
    
    ISBN 978-7-5214-0739-6:CNY299.00
    本书为国家出版基金项目:中国中药资源大典——中药材系列中重要的子项目,从中药产业链的炮制环节出发,根据《中华人民共和国药品管理法》的有关规定,组织科研力量对临床常用中药饮片,参照《中国药典》及全国各省市中药饮片炮制规范,编写而成,对于加强中药饮片质量的控制,提高和完善中药饮片标准具有重大的意义。
●
相关链接 在E读中查询图书 在五车中查询图书 在当当中查询图书 在豆瓣中查询图书


正题名:常用中药饮片炮制规范及操作规程研究     索取号:R283.64-65/525         预约/预借

序号 登录号 条形码 馆藏地/架位号 状态 备注
1 1212191   212121915   第二样本阅览室/ [索取号:R283.64-65/525] 在馆    
2 1212192   212121924   第三借阅区/ [索取号:R283.64-65/525] 在馆    
唐山师范学院图书馆 欢迎您!
大连网信软件有限公司© 版权所有